Online
Catalog

Cuba y la República Dominicana : (Record no. 4110)

MARC details
000 -CABECERA
campo de control de longitud fija 00955nam a2200253 a 4500
001 - NÚMERO DE CONTROL
campo de control 000004301
003 - IDENTIFICADOR DEL NÚMERO DE CONTROL
campo de control DO-SdBNP
005 - FECHA Y HORA DE LA ÚLTIMA TRANSACCIÓN
campo de control 20231109090821.0
008 - DATOS DE LONGITUD FIJA--INFORMACIÓN GENERAL
campo de control de longitud fija 231109b |||||||| |||| 00| 0 spa d
040 ## - FUENTE DE LA CATALOGACIÓN
Centro catalogador/agencia de origen DO-SdBNP
Lengua de catalogación spa
Centro/agencia transcriptor BNPHU
082 #4 - NÚMERO DE LA CLASIFICACIÓN DECIMAL DEWEY
Número de clasificación 330.9729
Número de documento/Ítem M375c
Número de edición 22
100 1# - ENTRADA PRINCIPAL--NOMBRE DE PERSONA
Nombre de persona Marte, Roberto
9 (RLIN) 12699
245 10 - MENCIÓN DE TÍTULO
Título Cuba y la República Dominicana :
Resto del título transición económica en el Caribe del siglo XIX /
Mención de responsabilidad, etc. Roberto Marte.
260 ## - PUBLICACIÓN, DISTRIBUCIÓN, ETC.
Lugar de publicación, distribución, etc. Santo Dimingo :
Nombre del editor, distribuidor, etc. Universidad APEC,
Fecha de publicación, distribución, etc. [1988].
300 ## - DESCRIPCIÓN FÍSICA
Extensión 439 p. :
Otras características físicas il. ;
Dimensiones 22 cm.
500 ## - NOTA GENERAL
Nota general Incluye índice
500 ## - NOTA GENERAL
Nota general Incluye datos biográficos del autor en la contracubierta
504 ## - NOTA DE BIBLIOGRAFÍA, ETC.
Nota de bibliografía, etc. Incluye referencias bibliográficas y notas al pie de las páginas
590 ## - NOTA LOCAL (RLIN)
Nota local Inventariado, 2018/ YL
651 #4 - PUNTO DE ACCESO ADICIONAL DE MATERIA--NOMBRE GEOGRÁFICO
Nombre geográfico Cuba
Subdivisión general Condiciones económicas
Subdivisión cronológica Siglo XIX
9 (RLIN) 12700
651 #4 - PUNTO DE ACCESO ADICIONAL DE MATERIA--NOMBRE GEOGRÁFICO
Nombre geográfico República Dominicana
Subdivisión general Condiciones económicas
Subdivisión cronológica Siglo XIX
9 (RLIN) 7414
910 ## - DATOS DE OPCIÓN DEL USUARIO (OCLC)
Datos de opción del usuario Validado. Control de calidad MFF
942 ## - ELEMENTOS DE PUNTO DE ACCESO ADICIONAL (KOHA)
Fuente del sistema de clasificación o colocación Dewey Decimal Classification
Tipo de ítem Koha Libro
Holdings
Estado de retiro Estado de pérdida Restricciones de uso No para préstamo Código de colección Localización permanente Ubicación/localización actual Ubicación en estantería Fecha de adquisición Número de inventario Total de préstamos Signatura topográfica completa Código de barras Fecha visto por última vez Número de copia Precio válido a partir de Tipo de ítem Koha
        Monografías: Libros y Folletos General General Depósito 21.07.2009 LF1   330.9729 M375c 4301-30 25.06.2020 e.3 25.06.2020 Préstamo en sala
        Monografías: Libros y Folletos General General Depósito 05.02.2010 LF1   330.9729 M375c 4301-40 25.06.2020 e.4 25.06.2020 Préstamo en sala
        Monografías: Libros y Folletos General General Depósito 10.05.2013 LF1   330.9729 M375c 4301-60 25.06.2020 e.5 25.06.2020 Préstamo en sala
      Excluido de préstamo Monografías: Libros y Folletos Patrimonio Dominicano Patrimonio Dominicano Depósito 21.07.2009 LF1   330.9729 M375c 4301-10 25.06.2020   25.06.2020 No se presta
      Excluido de préstamo Monografías: Libros y Folletos Patrimonio Dominicano Patrimonio Dominicano Depósito 21.07.2009 LF1   330.9729 M375c 4301-20 25.06.2020 e.2 25.06.2020 No se presta

Powered by Koha